MARC details
| 000 -CABECERA |
| campo de control de longitud fija |
03100nam a2200421 a 4500 |
| 001 - NÚMERO DE CONTROL |
| campo de control |
dia_2325 |
| 003 - IDENTIFICADOR DEL NÚMERO DE CONTROL |
| campo de control |
CHAP |
| 005 - FECHA Y HORA DE LA ÚLTIMA TRANSACCIÓN |
| campo de control |
20250627121731.0 |
| 007 - CAMPO FIJO DE DESCRIPCIÓN FÍSICA--INFORMACIÓN GENERAL |
| campo de control de longitud fija |
ta |
| 008 - DATOS DE LONGITUD FIJA--INFORMACIÓN GENERAL |
| campo de control de longitud fija |
220117s1991 mx ad fr 001 0 spa d |
| 010 ## - NÚMERO DE CONTROL DE LA BIBLIOTECA DEL CONGRESO |
| Número de control de LC |
172847 |
| 020 ## - NÚMERO INTERNACIONAL ESTÁNDAR DEL LIBRO |
| Número Internacional Estándar del Libro |
968-18-3856-4 |
| 040 ## - FUENTE DE LA CATALOGACIÓN |
| Centro/agencia transcriptor |
CHAP |
| Centro catalogador/agencia de origen |
mxchpua |
| Normas de descripción |
rda |
| 041 ## - CÓDIGO DE LENGUA |
| Código de lengua del texto/banda sonora o título independiente |
spa |
| Código de lengua del sumario o resumen |
spa |
| Código de lengua de la tabla de contenido |
spa |
| Código de lengua original |
spa |
| 050 1# - SIGNATURA TOPOGRÁFICA DE LA BIBLIOTECA DEL CONGRESO |
| Número de clasificación |
T55 |
| Número de documento/Ítem |
.R36 1991 |
| 082 ## - NÚMERO DE LA CLASIFICACIÓN DECIMAL DEWEY |
| Número de edición |
20 |
| Número de clasificación |
658 |
| Número de documento/Ítem |
R36 1991 |
| 100 1# - ENTRADA PRINCIPAL--NOMBRE DE PERSONA |
| Nombre de persona |
Ramírez Cavassa, César |
| 9 (RLIN) |
148038 |
| 245 10 - MENCIÓN DE TÍTULO |
| Título |
Seguridad industrial / |
| Mención de responsabilidad, etc. |
César Ramírez Cavassa |
| 250 ## - MENCIÓN DE EDICIÓN |
| Mención de edición |
2a edición |
| 264 ## - PRODUCCIÓN, PUBLICACIÓN, DISTRIBUCIÓN, FABRICACIÓN Y COPYRIGHT |
| Producción, publicación, distribución, fabricación y copyright |
México : |
| Nombre del de productor, editor, distribuidor, fabricante |
Limusa, |
| Fecha de producción, publicación, distribución, fabricación o copyright |
1991 |
| 300 ## - DESCRIPCIÓN FÍSICA |
| Extensión |
506 páginas : |
| Otras características físicas |
ilustraciones, gráficas, diagramas, tablas |
| 336 ## - TIPO DE CONTENIDO |
| Fuente |
rdacontent |
| Término de tipo de contenido |
texto |
| Código de tipo de contenido |
txt |
| 337 ## - TIPO DE MEDIO |
| Fuente |
rdamedia |
| Nombre/término del tipo de medio |
no mediado |
| Código del tipo de medio |
n |
| 338 ## - TIPO DE SOPORTE |
| Fuente |
rdacarrier |
| Nombre/término del tipo de soporte |
volumen |
| Código del tipo de soporte |
nc |
| 504 ## - NOTA DE BIBLIOGRAFÍA, ETC. |
| Nota de bibliografía, etc. |
Bibliografía: p. 503-506 |
| 505 0# - NOTA DE CONTENIDO CON FORMATO |
| Nota de contenido con formato |
Introducción --<br/>1. Generalidades sobre la seguridad de la empresa --<br/>2. Seguridad industrial --<br/>3. Elementos del accidente --<br/>4. La ergonomía y el factor humano --<br/>5. El equipo --<br/>6. La tarea --<br/>7. La comunicación --<br/>8. El medio ambiente --<br/>9. El accidente y su relación con los elementos del sistema --<br/>10. Costo de accidentes --<br/>11. Costo indirecto de los accidentes --<br/>12. Costos totales de incidencia sobre el producto --<br/>13. Plan general de seguridad --<br/>14. Costos de los componentes de inversión --<br/>15. Rentabilidad de la inversión de seguridad --<br/>16. Control de la inversión de seguridad --<br/>17. Conclusiones --<br/>Bibliografía |
| 520 2# - SUMARIO, ETC. |
| Sumario, etc. |
La Seguridad Industrial como tema y necesidad no ha sido evaluada de acuerdo con el nivel con que se ha desarrollado la era industrial moderna. Si bien las grandes empresas emplean una infraestructura física de seguridad bastante avanzada y sofisticada, a nivel humano la conciencia acerca de la importancia de la seguridad, y la responsabilidad y valoración de sus resultados, es insuficiente. Este trabajo obedece al deseo de dar una idea integral de lo que significa Seguridad Industrial, sus mecanismos de apoyo, áreas de incidencia y, básicamente, la importancia que el factor humano desempeña en aquélla, considerada como un subsistema del sistema empresarial. Espero que la presente obra sea un elemento de consulta interesante para todos los estudiosos de este apasionado y algo olvidado tema empresa rial, y que las conclusiones a las que lleva la recopilación e investigación de datos sirvan para concientizar en mayor medida a los responsables de la dirección y seguridad de los recursos humanos, teniendo en cuenta que el elemento humano constituye el factor básico y esencial de la política de seguridad. |
| 650 13 - PUNTO DE ACCESO ADICIONAL DE MATERIA--TÉRMINO DE MATERIA |
| Término de materia o nombre geográfico como elemento de entrada |
Gestión administrativa |
| Fuente del encabezamiento o término |
atg |
| 9 (RLIN) |
148852 |
| 650 13 - PUNTO DE ACCESO ADICIONAL DE MATERIA--TÉRMINO DE MATERIA |
| Término de materia o nombre geográfico como elemento de entrada |
Seguridad industrial |
| Fuente del encabezamiento o término |
atg |
| 9 (RLIN) |
103675 |
| 650 13 - PUNTO DE ACCESO ADICIONAL DE MATERIA--TÉRMINO DE MATERIA |
| Término de materia o nombre geográfico como elemento de entrada |
Ingeniería |
| Fuente del encabezamiento o término |
atg |
| 9 (RLIN) |
58173 |
| Subdivisión general |
Medidas de seguridad |
| 650 13 - PUNTO DE ACCESO ADICIONAL DE MATERIA--TÉRMINO DE MATERIA |
| Término de materia o nombre geográfico como elemento de entrada |
Administrative management |
| Fuente del encabezamiento o término |
atg |
| 9 (RLIN) |
148850 |
| 650 13 - PUNTO DE ACCESO ADICIONAL DE MATERIA--TÉRMINO DE MATERIA |
| Término de materia o nombre geográfico como elemento de entrada |
Industrial safety |
| Fuente del encabezamiento o término |
atg |
| 9 (RLIN) |
157183 |
| 650 13 - PUNTO DE ACCESO ADICIONAL DE MATERIA--TÉRMINO DE MATERIA |
| Término de materia o nombre geográfico como elemento de entrada |
Engineering |
| Fuente del encabezamiento o término |
atg |
| 9 (RLIN) |
161081 |
| Subdivisión general |
Security measures |
| 942 ## - ELEMENTOS DE PUNTO DE ACCESO ADICIONAL (KOHA) |
| Tipo de ítem Koha |
Libro |
| Fuente del sistema de clasificación o colocación |
Dewey Decimal Classification |
| 901 ## - ELEMENTOS DE DATOS A LOCAL LDA (RLIN) |
| a |
658 R36 1991 |
| 902 ## - ELEMENTOS DE DATOS B LOCAL, LDB (RLIN) |
| a |
M |
| 905 ## - ELEMENTOS DE DATOS E LOCAL, LDE (RLIN) |
| a |
5232271991 mx amn 8222223322spa16 |